00000000nam 2200000zi 4500
0019.937057
003CaOODSP
00520250905094010
006m     o  d f      
007cr |n|||||||||
008240418e202308##onc     ob   f|0| 0 eng d
040 |aCaOODSP|beng|erda|cCaOODSP
043 |an-cn---
0861 |aRv55-8/14-1-9-2023E-PDF
24500|aInformation pertaining to the acceptance, enforcement and renewal of undertakings in dumping and subsidy investigations.
250 |a[August 2023 edition].
264 1|aOttawa : |b[Canada Border Services Agency], |cAugust 2023.
300 |a1 online resource (8 unnumbered pages).
336 |atext|btxt|2rdacontent
337 |acomputer|bc|2rdamedia
338 |aonline resource|bcr|2rdacarrier
4901 |aMemorandum, |x2369-2391 ; |vD14-1-9
500 |aIssued also in French under title: Renseignements ayant trait à l’acceptation, à l’exécution et au renouvellement des engagements dans les enquêtes sur le dumping et le subventionnement.
500 |a"Superseded memoranda D, D14-1-9, dated July 17, 2017."
504 |aIncludes bibliographical references.
650 0|aDumping (International trade)|zCanada.
650 0|aExport subsidies.
7102 |aCanada Border Services Agency, |eissuing body.
77508|tRenseignements ayant trait à l’acceptation, à l’exécution et au renouvellement des engagements dans les enquêtes sur le dumping et le subventionnement.|w(CaOODSP)9.937060
794 |tInformation pertaining to the acceptance, enforcement and renewal of undertakings in dumping and subsidy investigations.|b[October 21, 2024 edition]|w(CaOODSP)9.954858
830#0|aMemorandum (Canada Border Services Agency)|vD14-1-9.|w(CaOODSP)9.816825
85640|qPDF|s189 KB|uhttps://publications.gc.ca/collections/collection_2024/asfc-cbsa/Rv55-8-14-1-9-2023-eng.pdf